• 首页
  • 本馆介绍
  • 公告通知
  • 最新文献
  • 馆藏检索
  • 电子资源
  • 读者导购
  • 参考咨询
  • 我的图书馆
  • 登录
  • 详细信息显示
  • 放入我的书架
  • 预约/预借图书
  • 作者相关作品
  • 分类相关作品
  • 丛书相关作品
  • 出版社相关作品

书目信息

  • 表格格式
  • 工作单格式
  • 卡片格式
题名:
士兵理论学习读本
    
 
作者: 总政宣传部 编
分册:  
出版信息: 北京   解放军出版社  2001
页数: 276页
开本: 19cm
丛书名:
单 册:
中图分类: E221.3
科图分类: 36.234
主题词: 士兵-思想政治教育--学习参考资料 , 思想政治教育-士兵--学习参考资料
电子资源:
ISBN: 7-5065-4135-1
000 00696nam0 2200229 45
001 0198006459
005 20070710085806.43
010    @a7-5065-4135-1
100    @a19980119d2001 em y0chiy0121 ea
101 0  @achi
102    @aCN@b110000
105    @ay z 000yy
200 10 @a士兵理论学习读本@Ashi bing li lun xue xi du ben@f总政宣传部编@Fzong zheng xuan chuan bu bian
210    @a北京@c解放军出版社@d2001@h2002
215    @a276页@d19cm
606    @a士兵-思想政治教育@x学习参考资料
606    @a思想政治教育-士兵@x学习参考资料
690    @aE221.3@v3
692    @a36.234@v2
701  0 @a总政宣传部@Azong zheng xuan chuan bu@4编
801  0 @aCN@bTSSF@c20070710
905    @a10447@dE221.3@e6
    
    士兵理论学习读本/总政宣传部编.-北京:解放军出版社,2001(2002)
    276页;19cm
    
    
    ISBN 7-5065-4135-1:
    
●
相关链接 在E读中查询图书 在五车中查询图书 在当当中查询图书 在豆瓣中查询图书


正题名:士兵理论学习读本     索取号:E221.3/6         预约/预借

序号 登录号 条形码 馆藏地/架位号 状态 备注
1 0765918   207659185   第一样本阅览室/ [索取号:E221.3/6] 在馆    
唐山师范学院图书馆 欢迎您!
大连网信软件有限公司© 版权所有